000 00259nam a2200109Ia 4500
008 220204s9999 xx 000 0 und d
082 _a82-36
_bPOO
100 _aPoore, Jewel
245 0 _aRaju and the smugglers
260 _aBombay
_bSuhash
_c1978
942 _cBK
999 _c37491
_d37491